A study of the Jewish community in the Greater Seattle area / (Record no. 18577)

000 -LEADER
fixed length control field 00440cam a2200145 i 4500
040 ## - CATALOGING SOURCE
Transcribing agency 305 JFG 1979 C148 Or.
082 0# - DEWEY DECIMAL CLASSIFICATION NUMBER
Classification number 305 JFG 1979 C148 Or.
100 1# - MAIN ENTRY--AUTHOR NAME
Personal name McCann, James
245 12 - TITLE STATEMENT
Title A study of the Jewish community in the Greater Seattle area /
260 ## - PUBLICATION, DISTRIBUTION, ETC. (IMPRINT)
Place of publication Seattle, Wash. :
Name of publisher Jewish Federation of Greater Seattle,
Year of publication c1979.
300 ## - PHYSICAL DESCRIPTION
Number of Pages viii, 84 p. :
Other physical details map ;
Dimensions 23 cm.
650 #0 - SUBJECT ADDED ENTRY--TOPICAL TERM
Topical Term Jews
700 1# - ADDED ENTRY--PERSONAL NAME
Personal name Friedman, Debra,
942 ## - ADDED ENTRY ELEMENTS (KOHA)
Koha item type ADB
952 ## - LOCATION AND ITEM INFORMATION (KOHA)
Withdrawn status [LOCAL, KOHA] 0
Holdings
Source of acquisition Permanent Location Date acquired Koha item type Lost status Shelving location Current Location Full call number
A32753Library Block C2019-12-24សៀវភៅភាសាអង់គ្លេស C148Library Block C305 JFG 1979 C148 Or.
មជ្ឈមណ្ឌលឯការនៃសាកលវិទ្យាល័យភូមិន្ទកសិកម្មចំការដូង

Powered by Koha